<?xml version="1.0" encoding="UTF-8"?>
<record
    xmlns:xsi="http://www.w3.org/2001/XMLSchema-instance"
    xsi:schemaLocation="http://www.loc.gov/MARC21/slim http://www.loc.gov/standards/marcxml/schema/MARC21slim.xsd"
    xmlns="http://www.loc.gov/MARC21/slim">

  <leader>02877nam a22003137a 4500</leader>
  <controlfield tag="001">8515</controlfield>
  <controlfield tag="003">FISKH</controlfield>
  <controlfield tag="005">20250917103308.0</controlfield>
  <controlfield tag="008">250917b        cb ||||| |||| 00| 0 eng d</controlfield>
  <datafield tag="020" ind1=" " ind2=" ">
    <subfield code="a">9789996301810</subfield>
  </datafield>
  <datafield tag="040" ind1=" " ind2=" ">
    <subfield code="a">FISKH</subfield>
    <subfield code="b">khr</subfield>
    <subfield code="c">FISKH</subfield>
    <subfield code="d">FISKH</subfield>
  </datafield>
  <datafield tag="050" ind1=" " ind2=" ">
    <subfield code="a">PZ7</subfield>
  </datafield>
  <datafield tag="082" ind1=" " ind2=" ">
    <subfield code="a">920</subfield>
  </datafield>
  <datafield tag="100" ind1=" " ind2=" ">
    <subfield code="a">Dawn, Dim</subfield>
  </datafield>
  <datafield tag="245" ind1=" " ind2=" ">
    <subfield code="a">&#x1787;&#x17B8;&#x179C;&#x17B7;&#x178F;&#x1780;&#x17D2;&#x1798;&#x17C1;&#x1784;&#x1781;&#x17B6;&#x178F;&#x17CB;&#x179F;&#x17D2;&#x1794;&#x17C2;&#x1780;&#x1787;&#x17BE;&#x1784; /</subfield>
    <subfield code="b">Life of a kid who polished shoes / </subfield>
    <subfield code="c">&#x1793;&#x17B7;&#x1796;&#x1793;&#x17D2;&#x1792;&#x178A;&#x17C4;&#x1799;&#x179B;&#x17C4;&#x1780; &#x178C;&#x17B9;&#x1798; &#x178A;&#x1793; , &#x178F;&#x17D2;&#x179A;&#x17BD;&#x178F;&#x1796;&#x17B7;&#x1793;&#x17B7;&#x178F;&#x17D2;&#x1799;&#x17A2;&#x1780;&#x17D2;&#x1781;&#x179A;&#x17B6;&#x179C;&#x17B7;&#x179A;&#x17BB;&#x1791;&#x17D2;&#x1792;&#x178A;&#x17C4;&#x1799; &#x17A2;&#x17D2;&#x1793;&#x1780;&#x179F;&#x17D2;&#x179A;&#x17B8; &#x1782;&#x17B9;&#x1798;&#x179F;&#x17CA;&#x17BB;&#x1793;&#x200B; &#x179F;&#x17BB;&#x1792;&#x17B6;&#x179A;&#x17B8;</subfield>
  </datafield>
  <datafield tag="260" ind1=" " ind2=" ">
    <subfield code="a">Phnom Penh : </subfield>
    <subfield code="b">Reading Books, </subfield>
    <subfield code="c">2013.</subfield>
  </datafield>
  <datafield tag="300" ind1=" " ind2=" ">
    <subfield code="a">24 pages : </subfield>
    <subfield code="b">color illustrations ;</subfield>
    <subfield code="c">25 cm . </subfield>
  </datafield>
  <datafield tag="490" ind1=" " ind2=" ">
    <subfield code="a">&#x1796;&#x17B7;&#x1797;&#x1796;&#x179A;&#x17BF;&#x1784;&#x1793;&#x17B7;&#x1791;&#x17B6;&#x1793;</subfield>
  </datafield>
  <datafield tag="505" ind1=" " ind2=" ">
    <subfield code="a">L 
</subfield>
  </datafield>
  <datafield tag="520" ind1=" " ind2=" ">
    <subfield code="a">&#x179A;&#x17BF;&#x1784;&#x1793;&#x17C1;&#x17C7;&#x1794;&#x1784;&#x17D2;&#x17A0;&#x1789;&#x1796;&#x17B8; &#x179A;&#x17BF;&#x1784;&#x179A;&#x17C9;&#x17B6;&#x179C;&#x1796;&#x17B7;&#x178F;&#x1781;&#x17D2;&#x179B;&#x17C7;&#x17D7;&#x1793;&#x17C5;&#x1780;&#x17D2;&#x1793;&#x17BB;&#x1784;&#x179F;&#x1784;&#x17D2;&#x1782;&#x1798;&#x1781;&#x17D2;&#x1798;&#x17C2;&#x179A; &#x178A;&#x17C2;&#x179B;&#x1780;&#x17BB;&#x1798;&#x17B6;&#x179A;&#x1798;&#x17BD;&#x1799;&#x1785;&#x17C6;&#x1793;&#x17BD;&#x1793;&#x1787;&#x17B6;&#x1780;&#x17D2;&#x1798;&#x17C1;&#x1784;&#x1780;&#x17D2;&#x179A;&#x17B8;&#x1780;&#x17D2;&#x179A;&#x1791;&#x17BB;&#x179A;&#x1782;&#x178F;&#x178A;&#x17BE;&#x179A;&#x179F;&#x17BB;&#x17C6;&#x1791;&#x17B6;&#x1793; &#x178A;&#x17BE;&#x179A;&#x179A;&#x17BE;&#x179F;&#x17A2;&#x17C1;&#x178F;&#x1785;&#x17B6;&#x1799; &#x178F;&#x17D2;&#x179A;&#x17BC;&#x179C;&#x1794;&#x17B6;&#x1793;&#x1782;&#x17C1;&#x179A;&#x17BE;&#x179F;&#x17A2;&#x17BE;&#x1784;&#x17D4;&#x200B; &#x1780;&#x17D2;&#x1793;&#x17BB;&#x1784;&#x179A;&#x17BF;&#x1784;&#x1793;&#x17C1;&#x17C7;&#x178A;&#x17C2;&#x179A;&#x17A2;&#x17D2;&#x1793;&#x1780;&#x1793;&#x17B7;&#x1796;&#x1793;&#x17D2;&#x1792;&#x1785;&#x1784;&#x17CB;&#x1794;&#x17C6;&#x1795;&#x17BB;&#x179F;&#x1782;&#x17C6;&#x1793;&#x17B7;&#x178F;&#x17A2;&#x17C4;&#x1799;&#x1780;&#x17D2;&#x1798;&#x17C1;&#x1784;&#x1791;&#x17BB;&#x179A;&#x1782;&#x178F;&#x1785;&#x17C1;&#x17C7;&#x178F;&#x179F;&#x17CA;&#x17BC;&#x1796;&#x17D2;&#x1799;&#x17B6;&#x1799;&#x17B6;&#x1798; &#x1793;&#x17B7;&#x1784;&#x1798;&#x17B6;&#x1793;&#x179F;&#x17C1;&#x1785;&#x1780;&#x17D2;&#x178F;&#x17B8;&#x1790;&#x17D2;&#x179B;&#x17C3;&#x1790;&#x17D2;&#x1793;&#x17BC;&#x179A;&#x1791;&#x17C0;&#x1784;&#x178F;&#x17D2;&#x179A;&#x1784;&#x17CB;&#x178A;&#x17BE;&#x1798;&#x17D2;&#x1794;&#x17B8;&#x17A2;&#x1793;&#x17B6;&#x1782;&#x178F;&#x1781;&#x17D2;&#x179B;&#x17BD;&#x1793; &#x1793;&#x17B7;&#x1784;&#x1785;&#x17C1;&#x17C7;&#x17A2;&#x1794;&#x17CB;&#x179A;&#x17C6;&#x178A;&#x179B;&#x17CB;&#x1794;&#x17D2;&#x17A2;&#x17BC;&#x1793;&#x17D7;&#x1780;&#x17BB;&#x1798;&#x17B6;&#x179A;&#x17A2;&#x17C4;&#x1799;&#x1785;&#x17C1;&#x17C7;&#x179F;&#x17D2;&#x179A;&#x179B;&#x17B6;&#x1789;&#x17CB;&#x1780;&#x17BB;&#x1798;&#x17B6;&#x179A;&#x178A;&#x17BC;&#x1785;&#x1782;&#x17D2;&#x1793;&#x17B6;&#x178A;&#x17C4;&#x1799;&#x1798;&#x17B7;&#x1793;&#x179A;&#x17BE;&#x179F;&#x17A2;&#x17BE;&#x1784; &#x1798;&#x17B7;&#x1793;&#x1794;&#x17D2;&#x179A;&#x1780;&#x17B6;&#x1793;&#x17CB;&#x179C;&#x178E;&#x17D2;&#x178E;&#x17C7;&#x17A2;&#x17D2;&#x179C;&#x17B8;&#x17A1;&#x17BE;&#x1799; &#x1796;&#x17D2;&#x179A;&#x17C4;&#x17C7;&#x1799;&#x17BE;&#x1784;&#x1787;&#x17B6;&#x1780;&#x17BB;&#x179B;&#x1794;&#x17BB;&#x178F;&#x17D2;&#x179A;&#x1781;&#x17D2;&#x1798;&#x17C2;&#x179A;&#x178A;&#x17BC;&#x1785;&#x1782;&#x17D2;&#x1793;&#x17B6; &#x1787;&#x17B6;&#x1784;&#x1793;&#x17C1;&#x17C7;&#x1791;&#x17C5;&#x1791;&#x17C0;&#x178F;&#x1787;&#x17C0;&#x179F;&#x179C;&#x17B6;&#x1784;&#x178A;&#x17B6;&#x1785;&#x17CB;&#x1781;&#x17B6;&#x178F;&#x1780;&#x17B6;&#x179A;&#x179F;&#x17C1;&#x1796;&#x1782;&#x1794;&#x17CB;&#x1782;&#x17D2;&#x179A;&#x17BF;&#x1784;&#x1789;&#x17C0;&#x1793; &#x17A0;&#x17B7;&#x178F;&#x1780;&#x17B6;&#x179C;&#x1787;&#x17B6;&#x178A;&#x17BE;&#x1798;&#x17D4;</subfield>
  </datafield>
  <datafield tag="520" ind1=" " ind2=" ">
    <subfield code="a">This story airms to show the existence of some real issues in current Cambodia society where some destiturte children engage in begging and scavenging and are discriminated. It also encourages the destitute children to strggle, endeavor, have dignity and honesty for their own future, aim to educate them to love and have friendship with one other without prejudice or discrimination, for they are Khmer children and educate to to avoid drug abuse .</subfield>
  </datafield>
  <datafield tag="521" ind1="8" ind2=" ">
    <subfield code="a">530 
</subfield>
    <subfield code="b">Lexile estimate 
</subfield>
  </datafield>
  <datafield tag="521" ind1="8" ind2=" ">
    <subfield code="a">L 
</subfield>
    <subfield code="b">Raz-Plus 
</subfield>
  </datafield>
  <datafield tag="650" ind1=" " ind2=" ">
    <subfield code="a">&#x1787;&#x17B8;&#x179C;&#x17B7;&#x178F;&#x1780;&#x17D2;&#x1798;&#x17C1;&#x1784;&#x1781;&#x17B6;&#x178F;&#x17CB;&#x179F;&#x17D2;&#x1794;&#x17C2;&#x1780;&#x1787;&#x17BE;&#x1784;</subfield>
    <subfield code="v">&#x179A;&#x17BF;&#x1784;&#x1793;&#x17B7;&#x1791;&#x17B6;&#x1793;&#x1780;&#x17BB;&#x1798;&#x17B6;&#x179A;&#x200B;</subfield>
  </datafield>
  <datafield tag="650" ind1=" " ind2=" ">
    <subfield code="a">Life of a kid who polishes shoes</subfield>
    <subfield code="v">Children's Story </subfield>
  </datafield>
  <datafield tag="700" ind1=" " ind2=" ">
    <subfield code="a">Saren, Koam </subfield>
    <subfield code="e">Illustrator </subfield>
  </datafield>
  <datafield tag="942" ind1=" " ind2=" ">
    <subfield code="2">ddc</subfield>
    <subfield code="c">KHB</subfield>
    <subfield code="n">0</subfield>
  </datafield>
  <datafield tag="999" ind1=" " ind2=" ">
    <subfield code="c">8515</subfield>
    <subfield code="d">8515</subfield>
  </datafield>
  <datafield tag="952" ind1=" " ind2=" ">
    <subfield code="0">0</subfield>
    <subfield code="1">0</subfield>
    <subfield code="2">ddc</subfield>
    <subfield code="4">0</subfield>
    <subfield code="7">0</subfield>
    <subfield code="8">KH</subfield>
    <subfield code="a">002</subfield>
    <subfield code="b">002</subfield>
    <subfield code="c">TTP Khmer</subfield>
    <subfield code="d">2025-09-17</subfield>
    <subfield code="l">0</subfield>
    <subfield code="o">DAW PZ7 920 </subfield>
    <subfield code="p">FISTK04461</subfield>
    <subfield code="r">2025-09-17 10:32:49</subfield>
    <subfield code="t">1</subfield>
    <subfield code="w">2025-09-17</subfield>
    <subfield code="y">KHB</subfield>
  </datafield>
  <datafield tag="952" ind1=" " ind2=" ">
    <subfield code="0">0</subfield>
    <subfield code="1">0</subfield>
    <subfield code="2">ddc</subfield>
    <subfield code="4">0</subfield>
    <subfield code="7">0</subfield>
    <subfield code="8">KH</subfield>
    <subfield code="a">002</subfield>
    <subfield code="b">002</subfield>
    <subfield code="c">TTP Khmer</subfield>
    <subfield code="d">2025-10-23</subfield>
    <subfield code="l">0</subfield>
    <subfield code="o">DAW PZ7 920 </subfield>
    <subfield code="p">FISBK03790</subfield>
    <subfield code="r">2025-10-23 14:47:56</subfield>
    <subfield code="t">2</subfield>
    <subfield code="w">2025-10-23</subfield>
    <subfield code="y">KHB</subfield>
  </datafield>
</record>
